000 00829cam a2200301 4500500
005 20260405003440.0
041 _afre
042 _adc
100 1 0 _aEltchaninoff, Michel
_eauthor
245 0 0 _aTranshumanisme. Retour vers le futURSS
260 _c2022.
500 _a30
690 _aCommunisme
690 _aCosmisme
690 _aCosmos
690 _aEspace
690 _aImmortalité
690 _aKonstantin Tsiolkovski
690 _aRationalité
690 _aRussie
690 _aScience
690 _aScience-fiction
690 _aSilicon Valley
690 _aTranshumanisme
690 _aURSS
786 0 _nPhilosophie magazine | 156 | 2 | 2022-02-01 | p. 18-20 | 1951-1787
856 4 1 _uhttps://shs.cairn.info/magazine-philosophie-magazine-2022-2-page-18?lang=fr&redirect-ssocas=7080
999 _c2067618
_d2067618